|
|
|
|
| LEADER |
00000nam a22000007a 4500 |
| 005 |
20110914110921.0 |
| 008 |
040924s1992 z 000 0 c |
| 020 |
|
|
|a 84-7130-733-2
|
| 035 |
|
|
|a 560
|
| 040 |
|
|
|a ES-BaICA
|d vLex
|
| 041 |
0 |
|
|a spa
|
| 090 |
|
|
|c 2445
|d 2445
|
| 110 |
2 |
|
|a Academia Matritense del Notariado
|
| 245 |
1 |
0 |
|a Anales de la Academia Matritense del Notariado.
|h [Recurso electrn̤ico] /
|c Academia Matritense del Notariado
|p Tomo XXXIII
|
| 256 |
|
|
|a Servicio en ln̕ea.
|
| 260 |
|
|
|a Madrid :
|b EDERSA,
|c [1992]
|
| 300 |
|
|
|a 339 p. ;
|c 24 cm
|
| 506 |
1 |
|
|a Contenido solo disponible en los productos indicados
|d vLex Global
|d vLex Global (Academic Edition, excluding Law Schools)
|d vLex Global (U.S. Academic Edition, Law Schools)
|d vLex Global (U.S. Academic Edition, excluding Law Schools)
|d vLex Global (Academic Edition, Law Schools)
|
| 740 |
0 |
|
|a vLex Libros (Servicio en ln̕ea)
|
| 856 |
4 |
0 |
|u http://vlex.com/source/anales-academia-matriense-notariado-560
|z Acceso restringido (Tomo XXXIII)
|
| 907 |
|
|
|i
|
| 942 |
|
|
|c BOOK
|
| 950 |
|
4 |
|a Derecho notarial
|z -- Espaą
|